书目信息 |
| 题名: |
液晶彩电故障维修笔记
|
|
| 作者: | 李卫明 , 李科峰 , 朱建伟 编著 | |
| 分册: | ||
| 出版信息: | 北京 国防工业出版社 2011.01 |
|
| 页数: | 171页 | |
| 开本: | 23cm | |
| 丛书名: | ||
| 单 册: | ||
| 中图分类: | TN94 | |
| 科图分类: | ||
| 主题词: | 液晶彩电--ye jing cai dian--维修 | |
| 电子资源: | ||
| ISBN: | 978-7-118-07050-7 | |
| 000 | 00906nam0 2200265 450 | |
| 001 | 000000003107 | |
| 005 | 20110723101330.84 | |
| 010 | @a978-7-118-07050-7@dCNY22.00 | |
| 100 | @a20101207d2011 em y0chiy50 ea | |
| 101 | 0 | @achi |
| 102 | @aCN@b110000 | |
| 105 | @aa z 000yy | |
| 106 | @ar | |
| 200 | 1 | @a液晶彩电故障维修笔记@Aye jing cai dian gu zhang wei xiu bi ji@f朱建伟, 李卫明, 李科峰编著 |
| 210 | @a北京@c国防工业出版社@d2011.01 | |
| 215 | @a171页@c图@d23cm | |
| 330 | @a本书作者按照电源电路、高中频处理电路、视频处理电路、微控制器电路、伴音处理电路、背光源及高压逆变电路等进行分类, 对故障现象和检修方法作了较详细的分析和讲解。 | |
| 586 | @a | |
| 606 | 0 | @a液晶彩电@Aye jing cai dian@x维修 |
| 690 | @aTN94@v5 | |
| 701 | 0 | @a李卫明@Ali wei ming@4编著 |
| 701 | 0 | @a李科峰@Ali ke feng@4编著 |
| 701 | 0 | @a朱建伟@Azhu jian wei@4编著 |
| 801 | 0 | @aCN@c20110610 |
| 905 | @dTN94@eZ850@f3 | |
| 液晶彩电故障维修笔记/朱建伟, 李卫明, 李科峰编著.-北京:国防工业出版社,2011.01 |
| 171页:图;23cm |
| ISBN 978-7-118-07050-7:CNY22.00 |
| 本书作者按照电源电路、高中频处理电路、视频处理电路、微控制器电路、伴音处理电路、背光源及高压逆变电路等进行分类, 对故障现象和检修方法作了较详细的分析和讲解。 |
| ● |
| 相关链接 |
|
|
|
正题名:液晶彩电故障维修笔记
索取号:TN94/Z850
 
预约/预借
| 序号 | 登录号 | 条形码 | 馆藏地/架位号 | 状态 | 备注 |
| 1 | 887225 | 208872255 | 自科库301/301自科库 100排4列5层/ [索取号:TN94/Z850] | 在馆 | |
| 2 | 887226 | 208872264 | 自科库301/301自科库 32排3列3层/ [索取号:TN94/Z850] | 在馆 | |
| 3 | 887227 | 208872273 | 自科库301/301自科库 100排4列5层/ [索取号:TN94/Z850] | 在馆 |